Cambio de Hábito 2 Más locura en el convento /

Deloris Van Cartier vuelve a colocarse los hábitos de la hermana Mary Clarence. Sus compañeras monjas y la Madre superiora necesitan ayuda para evitar el cierre de la escuela parroquial de Saint Francis. Con su colaboración y la del resto de las monjas, todos preparan la participación del colegio ca...

Descripción completa

Guardado en:
Autor Principal: Duke, Bill.
Autor Corporativo: Touchstone Pictures.
Otros Autores: Rudin, Scott; Producción., Goldberg, Whoopi; Reparto., Smith, Maggie; Reparto., Hill, Lauryn; Reparto., Coburn, James; Reparto., Najimy, Kathy; Reparto., Makkena, Wendy; Reparto., Michael, Jeter; Reparto., Wickes, Mary; Reparto., Love Hewitt, Jennifer; Reparto.
Formato: Deslizar
Idioma:Undetermined
Publicado: Estados Unidos : Buena Vista Pictures Distribution, 1993.
Materias:
Etiquetas: Agregar Etiqueta
Sin Etiquetas, Sea el primero en etiquetar este registro!
LEADER 01581ngm a22003495a 4500
001 CEM.cems020254
008 230710s1993####xx#---############vlund#d
005 20230710190220.0
245 1 0 |a Cambio de Hábito 2  |h [videograbación] :  |b Más locura en el convento /  |c Bill Duke. 
260 |a Estados Unidos :  |b Buena Vista Pictures Distribution,  |c 1993. 
300 |a 107'. 
520 |a Deloris Van Cartier vuelve a colocarse los hábitos de la hermana Mary Clarence. Sus compañeras monjas y la Madre superiora necesitan ayuda para evitar el cierre de la escuela parroquial de Saint Francis. Con su colaboración y la del resto de las monjas, todos preparan la participación del colegio católico en un concurso de coros escolares. 
590 |a Identificación anterior: 89 
538 |a Soporte: DVD -- Formato: DVD – Peso: 4.10gb -- Resolución: 720 x 480 -- 29.97 fps 
500 |a Título original: Sister Act 2: Back in the Habit. 
100 1 |a Duke, Bill. 
700 1 |a Rudin, Scott; Producción. 
700 1 |a Goldberg, Whoopi; Reparto. 
700 1 |a Smith, Maggie; Reparto. 
700 1 |a Hill, Lauryn; Reparto. 
700 1 |a Coburn, James; Reparto. 
700 1 |a Najimy, Kathy; Reparto. 
700 1 |a Makkena, Wendy; Reparto. 
700 1 |a Michael, Jeter; Reparto. 
700 1 |a Wickes, Mary; Reparto. 
700 1 |a Love Hewitt, Jennifer; Reparto. 
710 2 |a Touchstone Pictures. 
653 |a LARGOMETRAJE 
653 |a FICCIÓN 
653 |a COMEDIA 
653 |a MUSICAL 
859 |a CEMS  |b BIB. CEMS - Depto. Recursos Didacticos  |h 778.5  |i DUK  |k DRD  |p 3045.23  |t Ej.1